| 000 | 01640nam1a2200313 i 4500 | ||
|---|---|---|---|
| 001 | RU\NLR\bibl\1981686 | ||
| 005 | 20240921165932.0 | ||
| 035 | _a(NLR Aleph) 001970356 | ||
| 090 |
_a3946922 _c3946922 |
||
| 100 | _a20121221g20129999u y0rusy50 ca | ||
| 101 | 0 | _arus | |
| 102 | _aRU | ||
| 105 | _a||||z ||||| | ||
| 200 | 1 |
_aОсновы проектирования элементов приборов и систем _eучебное пособие _fИ.К. Цыбрий, В.Н. Ананченко, В.Н. Сыроватка, И.Л. Вяликов _gМ-во образования и науки Рос. Федерации, Федер. гос. бюджет. образоват. учреждение высш. проф. образования "Донской гос. техн. ун-т" |
|
| 210 |
_aРостов-на-Дону _cДГТУ _d2012 |
||
| 215 | _d21 | ||
| 313 | _aПриборы следящих систем | ||
| 463 | 0 | _10011975609 | |
| 606 | 1 |
_aСледящие системы _jУчебные издания для высших учебных заведений _xПроектирование _92131891 _3RU\NLR\auth\661590147 |
|
| 686 | _aЗ965.8я73-1 | ||
| 701 | 1 |
_aЦыбрий _bИ. К. _gИрина Константиновна _4070 |
|
| 701 | 1 |
_aАнанченко _bВ. Н. _gВладимир Николаевич _4070 |
|
| 701 | 1 |
_aСыроватка _bВ. Н. _gВладимир Николаевич _4070 |
|
| 701 | 1 |
_aВяликов _bИ. Л. _gИван Леонидович _4070 |
|
| 801 | 0 |
_aRU _bNLR _c20121221 _gRCR |
|
| 801 | 1 |
_aRU _bNLR _c20121221 |
|
| 852 |
_aNLR _j2012-3/36461 |
||
| 942 | _cBOOK | ||